Les meilleurs buteurs des championnats d'Europe (2000 - 2020) - Statistiques

Statistiques générales
  • Ce quiz a été pris 418 fois
  • Le résultat moyen est 83 sur 147
Statistiques - réponses
Saison Club Nationalité Buts Joueur % Correct
01/02 Arsenal France 24 Thierry Henry
100%
03/04 Arsenal France 30 Thierry Henry
100%
04/05 Arsenal France 25 Thierry Henry
100%
05/06 Arsenal France 27 Thierry Henry
100%
07/08 Manchester United Portugal 31 Cristiano Ronaldo
99%
10/11 Real Madrid Portugal 40 Cristiano Ronaldo
99%
13/14 Real Madrid Portugal 31 Cristiano Ronaldo
99%
14/15 Real Madrid Portugal 48 Cristiano Ronaldo
99%
20/21 Juventus Portugal 29 Cristiano Ronaldo
99%
09/10 Barcelone Argentine 34 Lionel Messi
98%
11/12 Barcelone Argentine 50 Lionel Messi
98%
12/13 Barcelone Argentine 46 Lionel Messi
98%
16/17 Barcelone Argentine 37 Lionel Messi
98%
17/18 Barcelone Argentine 34 Lionel Messi
98%
18/19 Barcelone Argentine 36 Lionel Messi
98%
19/20 Barcelone Argentine 25 Lionel Messi
98%
20/21 Barcelone Argentine 30 Lionel Messi
98%
03/04 Real Madrid Bresil 24 Ronaldo
98%
06/07 Chelsea Côte d'Ivoire 20 Didier Drogba
97%
09/10 Chelsea Côte d'Ivoire 29 Didier Drogba
97%
15/16 Tottenham Angleterre 25 Harry Kane
97%
16/17 Tottenham Angleterre 29 Harry Kane
97%
20/21 Tottenham Angleterre 23 Harry Kane
97%
13/14 Liverpool Uruguay 31 Luis Suarez
97%
15/16 Barcelone Uruguay 40 Luis Suarez
97%
09/10 Ajax Uruguay 35 Luis Suarez
97%
17/18 Liverpool Egypte 32 Mohamed Salah
97%
18/19 Liverpool Egypte 22 Mohamed Salah
97%
18/19 Paris SG France 33 Kylian Mbappe
96%
20/21 Paris SG France 27 Kylian Mbappe
96%
12/13 Naples Uruguay 29 Edinson Cavani
95%
16/17 Paris SG Uruguay 35 Edinson Cavani
95%
17/18 Paris SG Uruguay 28 Edinson Cavani
95%
13/14 Borussia Dortmund Pologne 20 Robert Lewandowski
95%
15/16 Bayern Munich Pologne 30 Robert Lewandowski
95%
17/18 Bayern Munich Pologne 29 Robert Lewandowski
95%
18/19 Bayern Munich Pologne 22 Robert Lewandowski
95%
19/20 Bayern Munich Pologne 34 Robert Lewandowski
95%
20/21 Bayern Munich Pologne 41 Robert Lewandowski
95%
14/15 Manchester City Argentine 26 Sergio Aguero
95%
08/09 Inter Milan Suède 25 Zlatan Ibrahimovic
95%
11/12 AC Milan Suède 28 Zlatan Ibrahimovic
95%
12/13 Paris SG Suède 30 Zlatan Ibrahimovic
95%
13/14 Paris SG Suède 26 Zlatan Ibrahimovic
95%
15/16 Paris SG Suède 38 Zlatan Ibrahimovic
95%
19/20 Leicester Angleterre 23 Jamie Vardy
93%
11/12 Arsenal Pays-Bas 30 Robin Van Persie
92%
12/13 Manchester United Pays-Bas 26 Robin Van Persie
92%
04/05 Barcelone Cameroun 25 Samuel Eto'o
92%
05/06 Barcelone Cameroun 26 Samuel Eto'o
92%
16/17 AS Rome Bosnie-Herzégovine 29 Edin Dzeko
90%
09/10 Wolfsburg Bosnie-Herzégovine 22 Edin Dzeko
90%
16/17 Borussia Dortmund Gabon 31 Pierre-Emerick Aubameyang
90%
13/14 Torino Italie 22 Ciro Immobile
89%
17/18 Lazio Rome Italie 29 Ciro Immobile
89%
19/20 Lazio Rome Italie 36 Ciro Immobile
89%
14/15 Olympique Lyonnais France 27 Alexandre Lacazette
87%
08/09 Atletico Madrid Uruguay 32 Diego Forlan
83%
19/20 Monaco France 18 Wissam Ben Yedder
81%
00/01 Real Madrid Espagne 24 Raul
80%
02/03 Manchester United Pays-Bas 25 Ruud van Nistelrooy
79%
06/07 Real Madrid Pays-Bas 25 Ruud Van Nistelrooy
79%
07/08 Olympique Lyonnais France 20 Karim Benzema
78%
01/02 Girondins de Bordeaux Portugal 22 Pedro Miguel Pauleta
78%
05/06 Paris SG Portugal 21 Pedro Miguel Pauleta
78%
06/07 Paris SG Portugal 15 Pedro Miguel Pauleta
78%
03/04 AC Milan Ukraine 24 Andriy Shevchenko
75%
15/16 Naples Argentine 36 Gonzalo Higuain
74%
08/09 Chelsea France 19 Nicolas Anelka
74%
01/02 Juventus France 24 David Trezeguet
73%
06/07 AS Rome Italie 26 Francesco Totti
68%
10/11 Manchester City Argentine 20 Carlos Tevez
66%
07/08 Juventus Italie 21 Alessandro Del Piero
63%
11/12 Paris SG Brésil 21 Nene
62%
08/09 CD Nacional Brésil 20 Nene
62%
03/04 AJ Auxerre France 26 Djibril Cisse
60%
09/10 Olympique de Marseille Sénégal 18 Mamadou Niang
60%
11/12 Schalke 04 Pays-bas 29 Klaas-Jan Huntelaar
57%
05/06 SC Heerenveen / Ajax Pays-Bas 33 Klaas-Jan Huntelaar
57%
07/08 Ajax Pays-Bas 33 Klaas-Jan Huntelaar
57%
09/10 Udinese Italie 29 Antonio Di Natale
54%
10/11 Udinese Italie 28 Antonio Di Natale
54%
08/09 Toulouse FC France 24 André-Pierre Gignac
53%
18/19 Ajax Serbie 28 Dusan Tadic
53%
10/11 Bayern Munich Allemagne 28 Mario Gomez
52%
00/01 Olympique Lyonnais Brésil 22 Sonny Anderson
49%
12/13 FC Porto Colombie 26 Jackson Martinez
48%
13/14 FC Porto Colombie 20 Jackson Martinez
48%
14/15 FC Porto Colombie 21 Jackson Martinez
48%
10/11 Lille Sénégal 25 Moussa Sow
48%
18/19 Sampdoria Italie 26 Fabio Quagliarella
47%
14/15 Inter Milan Argentine 22 Mauro Icardi
47%
05/06 Fiorentina Italie 31 Luca Toni
46%
07/08 Bayern Munich Italie 24 Luca Toni
46%
04/05 Stade Rennais Suisse 20 Alexander Frei
42%
05/06 Werder Breme Allemagne 25 Miroslav Klose
41%
00/01 Lazio Rome Argentine 26 Hernan Crespo
38%
18/19 SL Benfica Suisse 23 Haris Seferovic
31%
02/03 AS Monaco RD Congo 26 Shabani Nonda
27%
11/12 SC Heerenveen Pays-Bas 32 Bas Dost
25%
16/17 Sporting CP Pays-Bas 34 Bas Dost
25%
02/03 Inter Milan Italie 24 Christian Vieri
25%
14/15 PSV Eindhoven Pays-Bas 22 Memphis Depay
24%
10/11 FC Porto Brésil 23 Hulk
21%
07/08 FC Porto Argentine 24 Lisandro Lopez
21%
02/03 Deportivo La Corogne Pays-Bas 29 Roy Makaay
21%
08/09 Wolfsburg Brésil 28 Grafite
17%
00/01 Chelsea Pays-Bas 23 Jimmy Floyd Hasselbaink
16%
15/16 SL Benfica Brésil 32 Jonas
16%
17/18 SL Benfica Brésil 34 Jonas
16%
02/03 Bayern Munich Brésil 21 Giovane Elber
15%
12/13 Bayer Leverkusen Allemagne 25 Stefan Kießling
15%
04/05 Feyenoord Pays-Bas 29 Dirk Kuyt
13%
01/02 Sporting CP Brésil 42 Mário Jardel
13%
09/10 SL Benfica Paraguay 26 Oscar Cardozo
13%
20/21 Sporting CP Portugal 23 Pedro Goncalves
11%
07/08 RCD Majorque Espagne 27 David Guiza
8%
01/02 Deportivo La Corogne Espagne 21 Diego Tristan
8%
14/15 Eintracht Francfort Allemagne 19 Alexander Meier
7%
12/13 Vitesse Arnhem Côte d'Ivoire 31 Wilfried Bony
7%
17/18 AZ Alkmaar Iran 21 Alireza Jahanbakhsh
6%
03/04 FC Porto Afrique du Sud 20 Benni McCarthy
5%
20/21 VVV Venlo Grèce 26 Georgios Giakoumakis
5%
19/20 SL Benfica Portugal 18 Pizzi
5%
03/04 Werder Breme Brésil 28 Ailton
4%
04/05 US Livourne Italie 24 Cristiano Lucarelli
4%
00/01 PSV Eindhoven Serbie 24 Mateja Kezman
4%
02/03 PSV Eindhoven Serbie 35 Mateja Kezman
4%
03/04 PSV Eindhoven Serbie 31 Mateja Kezman
4%
19/20 Feyenoord Pays-Bas 15 Steven Berghuis
4%
06/07 Vfl Bochum Grèce 20 Theofanis Gekas
4%
01/02 Borussia Dortmund Brésil 18 Marcio Amoroso
3%
16/17 Feyenoord Danemark 21 Nicolai Jorgensen
3%
13/14 SC Heerenven Islande 29 Alfred Finnbogason
2%
04/05 Sporting CP Portugal 24 Liedson
2%
06/07 Sporting CP Portugal 15 Liedson
2%
01/02 Feyenoord Pays-Bas 24 Pierre Van Hooijdonk
2%
15/16 AZ Alkmaar Pays-Bas 27 Vincent Janssen
2%
06/07 SC Heerenveen Brésil 34 Afonso Alves
1%
05/06 CF OS Belenenses Cameroun 17 Albert Meyong
1%
00/01 Sampdoria Danemark 22 Ebbe Sand
1%
11/12 SC Braga Brésil 20 Lima
1%
04/05 FC Nuremberg Slovaquie 24 Marek Mintal
1%
08/09 AZ Alkmaar Maroc 23 Mounir El Hamdaoui
1%
02/03 SL Benfica Portugal 18 Simao
1%
10/11 NEC Nimègue Belgique 23 Bjorn Vleminckx
0%
00/01 FC Porto Brésil 22 Renivaldo Pena
0%
Aucun quiz correspondant
Distribution des résultats
% des personnes avec chaque résultat
Percentile par nombre de réponses
Votre historique - résultats
Vous n’avez pas pris ce quiz